LEADER 01057nam0 22002771i 450 001 UON00061105 005 20231205102307.347 100 $a20020107d1973 |0itac50 ba 101 $aeng 102 $aUS 105 $a|||| 1|||| 200 1 $aˆThe ‰Formation of Islamic Art$fOleg Grabar 210 $aNew Haven$cYale University Press$d1973 215 $aXIX, 233 p., c. di tav.$d27 cm 606 $aARTE ISLAMICA$3UONC002304$2FI 620 $aUS$dNew Haven$3UONL000121 686 $aARA IX A$cPAESI ARABI - ARTI - STORIA DELL'ARTE$2A 700 1$aGRABAR$bOleg$3UONV006301$0161903 712 $aYale University Press$3UONV246253$4650 801 $aIT$bSOL$c20250613$gRICA 899 $aSIBA - SISTEMA BIBLIOTECARIO DI ATENEO$2UONSI 912 $aUON00061105 950 $aSIBA - SISTEMA BIBLIOTECARIO DI ATENEO$dSI ARA IX A 028 $eSI ARC1780 7 028 966 $aARTE MUSULMANA$yARTE ISLAMICA$3UONC020702 996 $aFormation of Islamic Art$9709780 997 $aUNIOR